Państwa Układu Warszawskiego - Statystyki

Ogólne statystyki
  • Ten quiz został rozwiązany 688 razy
  • Średni wynik to 7 z 8
Statystyki odpowiedzi
Kraj % Poprawnych
Polska
98%
Węgry
87%
Czechoslowacja
84%
Rumunia
84%
Związek Socjalistycznych Republik Radzieckich
84%
Bułgaria
81%
Niemcy Wschodnie / Niemiecka Republika Demokratyczna
78%
Albania
59%
Nie znaleziono quizów pasujących do podanych kryteriów
Rozkład punktacji
Procent ludzi z każdym wynikiem
Percentyl według liczby udzielonych odpowiedzi
Twoja historia wyników
Nie rozwiązałeś tego quizu